000 01296nam a2200325 4500
001 0000013465
003 CO-CtgCURN
005 20250506234326.0
007 ta
008 160627s1942 000 0 eng d
020 _a9681604601
040 _aCO-CtgCURN
_bspa
_ccoctgcurn
082 0 _a330.9
_bR65h
100 1 _aRoll, Eric.
245 1 0 _aHistoria de las doctrinas economicas /
_cEric Roll , traducción de Florentino M. Torner.
260 _aMexico :
_bFondo de cultura economica,
_c1942.
300 _a613 p.
336 _2rdacontent
337 _2rdamedia
_asin mediacion
_bn
338 _2rdacarrier
_avolumen
_bnc
490 1 _aSección de obras de economia
500 _aIncluye indice\Notas bibliograficas al pie del texto.
504 _aBibliografia (p. 599-602)
505 8 _aAntiguo testamento.--Grecia. Platon. Aristoteles.--Imperio romano.--Cristianismo.--Edad media.--Derecho canonico.--Capitalismo comercial.--Mercantilismo.--Sistema clasico.--Filosofos politicos.--Clasicismo.--Reacción y Revolucion.--Marx.--Transicion.--Economia moderna
650 1 4 _aEconomia
_vHistorias.
700 1 _aTorner, Florentino M.,
_eTraductor.
908 _a160627
942 _cBK
_h330.9
_iR65h
_2ddc
_n0
999 _c18250
_d18250